Cross-platform game programming
Αποθηκεύτηκε σε:
| Κύριος συγγραφέας: | |
|---|---|
| Μορφή: | Βιβλίο |
| Γλώσσα: | English |
| Δημοσίευση: |
Hingham, Mass. :
Charles River Media,
c2005
|
| Σειρά: | Game development series (Charles River Media (Firm))
|
| Θέματα: | |
| Ετικέτες: |
Προσθήκη ετικέτας
Δεν υπάρχουν, Καταχωρήστε ετικέτα πρώτοι!
|
MARC
| LEADER | 00000nam a2200000 i 4500 | ||
|---|---|---|---|
| 001 | 1/69787 | ||
| 008 | 080110s2005 eng d | ||
| 020 | |a 1-58450-379-3 | ||
| 035 | |l 10093508 | ||
| 040 | |a GR-MY-UA |b gre |e aacr | ||
| 041 | 0 | |a eng | |
| 082 | 0 | |a 794.81526 |2 (22) | |
| 100 | 1 | |a Goodwin, Steven |d 1973- | |
| 245 | 1 | 0 | |a Cross-platform game programming / |c Steven Goodwin |
| 260 | |a Hingham, Mass. : |b Charles River Media, |c c2005 | ||
| 300 | |a xx, 460 σ.; |b εικ.; |c 23 εκ.+ |e 1 οπτική δισκέτα λέϊζερ Η/Υ (4 3/4 ίν.) | ||
| 490 | 1 | |a Charles River Media game development series | |
| 504 | |a Περιλαμβάνει ευρετήριο | ||
| 650 | 0 | 0 | |a Computer games |x Programming. |
| 650 | 0 | 0 | |a Cross-platform software development. |
| 830 | 0 | |a Game development series (Charles River Media (Firm)) | |
| 852 | |a INST |b SYROS |e 20080110 |h 794.81526 GOO |p 005500006765 |q 005500006765 |t BK |y 0 | ||
| 852 | |a INST |b SYROS |e 20080110 |h 794.81526 GOO |p 005500006766 |q 005500006766 |t BK |y 0 | ||
| 901 | |a BIBL5-2008-1 | ||
| 909 | |a Ε |b 133323 | ||
| 909 | |a Ε |b 133324 | ||
| 922 | |a 5ΕΛΗ |b 200709 |c ΒΙΒΛΙΟΘΗΚΗ ΣΥΡΟΥ |d GLORYBOOK | ||
| 970 | |a ΚΑΓΙΑΒΑ |b ΕΙΡΗΝΗ |z 2008/01/10 | ||